000 00708nam a2200253Ia 4500
003 OSt
005 20220912151820.0
006 a|||||r|||| 00| 0
007 ta
008 220909b |||||||| |||| 00| 0 eng d
024 _a24167
037 _cTextual
040 _aCSL
_beng
_cCSL
041 _aeng
082 _aB6:3, M4
100 _aKobayashi Shoshichi
245 0 _aComplex differential geometry: Topics in complex differential geometry
260 _aBasel
_bBirkhauser Verlag
_c1983
300 _a159p.
_ccm.
650 _aGeometry-Differential
700 _a Horst Camilla
942 _hB6:3, M4
_cTEXL
_2CC
999 _c75617
_d75617